000 nam a22 7a 4500
999 _c126467
_d126467
008 170519b xxu||||| |||| 00| 0 eng d
050 _aJQ2720.A56 C65 2000
100 _aMatsheza, Philliat
_923105
245 _aAnti-corruption mechanisms and strategies in Southern Africa:
_c/ by Philliat Matsheza
260 _aHarare
_bHuman Rights Research and Documentation Trust of Southern Africa
_c2000
300 _a106p. ;
_c21cm.
650 _aPolitical corruption
_xAfrica, Southern
_930892
650 _aPolitical corruption
_xAfrica, Southern
_xPrevention
_930893
700 _aKunaka, Constance
_930894
942 _2lcc
_cMONOGRAPH